000 00467nam a2200181Ia 4500
001 44040
008 140428s9999 xx 000 0 und d
020 _aNA
040 _cPK-LaUMT
082 _aRHC 891.4394
_bBAS-M
100 _aBashir Ahmad Nahvi
245 _aMahsoosaat (Urdu)
_cBashir Ahmad Nahvi
260 _aBeej Baharah,Kashmir:
_bIdara Taraqi Ilmo Adab,
_c1994
300 _a115 p.
546 _aUR
650 _aPakistani literature-Urdu
942 _cBK
999 _c42040
_d42040